Toxicity-System of a Down-Songs - Statistics

General Stats
  • This quiz has been taken 191 times
  • The average score is 11 of 14
Answer Stats
Song % Correct
12 Toxicity
99%
6 Chop Suey!
97%
14 Aerials
88%
1 Prison Song
88%
9 Atwa
82%
3 Deer Dance
81%
8 Forest
80%
2 Needles
79%
5 X
79%
4 Jet Pilot
75%
7 Bounce
73%
10 Science
69%
11 Shimmy
68%
13 Psycho
67%
No matching quizzes found
Score Distribution
Percent of People with Each Score
Percentile by Number Answered
Your Score History
You have not taken this quiz